000
00321nam a22001337a 4500
020
_a
978-1-4462-6019-7
082
_a
001.42
100
_a
Gray, David E.
245
_a
Doing Research in the Real World
250
_a
3rd
260
_a
London:
_b
SAGEPublications,
_c
2014
300
_a
xxi, 729p.: ill.; 24cm
942
_c
BK
999
_c
22174
_d
22174